Los Angeles Clippers 2020s Top 10 Leaders - Statistics

General Stats
  • This quiz has been taken 145 times
    3 since last reset
  • The average score is 13 of 17
Answer Stats
Player % Correct
Derrick Jones Jr.
100%
Ivica Zubac
100%
James Harden
100%
Kawhi Leonard
100%
Kris Dunn
100%
Marcus Morris
100%
Nicolas Batum
100%
Paul George
100%
Russell Westbrook
100%
Brook Lopez
67%
Norman Powell
67%
Reggie Jackson
67%
Amir Coffey
33%
Isaiah Hartenstein
33%
Lou Williams
33%
Serge Ibaka
33%
Terance Mann
33%
No matching quizzes found
Score Distribution
Percent of People with Each Score
Percentile by Number Answered
Your Score History
You have not taken this quiz since the last reset